Second international nuclear emergency exercise INEX 2 final report of the canadian regional INEX 2 exercise
Salvato in:
| Ente Autore: | |
|---|---|
| Natura: | Libro |
| Lingua: | inglese francese |
| Pubblicazione: |
Paris
OECD
2001
|
| Soggetti: | |
| Tags: |
Nessun Tag, puoi essere il primo ad aggiungerne!!
|
MARC
| LEADER | 00000nam a2200000 4500 | ||
|---|---|---|---|
| 001 | c128867 | ||
| 005 | 20240104114824.7 | ||
| 020 | |a 92-64-09532-2 | ||
| 041 | 0 | |a eng | |
| 041 | 0 | |a fre | |
| 044 | |a FR | ||
| 245 | 1 | 0 | |a Second international nuclear emergency exercise INEX 2 |b final report of the canadian regional INEX 2 exercise |
| 264 | 1 | |a Paris |b OECD |c 2001 | |
| 300 | |a 77 s. | ||
| 610 | 2 | 0 | |a energia atómová |
| 610 | 2 | 0 | |a bezpečnosť jadrová |
| 610 | 2 | 0 | |a spolupráca medzinárodná |
| 610 | 2 | 0 | |a regióny |
| 610 | 2 | 0 | |a svet |
| 610 | 2 | 0 | |a Kanada |
| 710 | 2 | |a OECD. Nuclear Energy Agency | |